Statistics for Updated Top 5 Cities in Wisconsin by Population

Click here to take the quiz!

General Stats

  • This quiz has been taken 52 times
  • The average score is 4 of 5

Answer Stats

CountyCity% Correct
----------Milwaukee
100%
DaneMadison
98%
BrownGreen Bay
90%
----------Kenosha
59%
----------Racine
56%

Score Distribution

Percentile by Number Answered

Percent of People with Each Score

Your Score History

You have not taken this quiz